| 000 | 00663nam a2200193 a 4500 | ||
|---|---|---|---|
| 001 | 000049217 | ||
| 005 | 20240412074010.0 | ||
| 008 | 190730s1993 ny 000 f spa d | ||
| 020 | _a0963236334 | ||
| 040 |
_aDO-SdBNP _bspa _cBNPHU |
||
| 041 | 1 | 7 |
_aspa _heng |
| 100 | 1 |
_aMir, Pedro, _d1913-2000 _97245 |
|
| 245 | 1 | 0 |
_aCountersong to walt whitman & other poems / _cPedro Mir ; Traductor Jonathan Cohen, Donald D. Walsh _cTraductor Jonathan Cohen, Donalde D. Walsh. |
| 260 |
_aNew York : _bEdición Azul, _c1993. |
||
| 300 |
_a179 p. ; _c24 cm. |
||
| 590 | _aInventariado, 2019/VM | ||
| 700 | 1 |
_aCohen, Jonathan _etr. _976522 |
|
| 700 | 1 |
_aWalsh, Donald D. _etr. _976523 |
|
| 999 |
_c48705 _d48705 |
||